000 00683nam a22002417a 4500
999 _c152967
_d152967
005 20181103163104.0
008 180622b xxu||||| |||| 00| 0 eng d
010 _aB-229208
020 _a9780590210621
_c95.00
020 _a8129110415
035 _aB-331843-862
035 _aB-229207,B-229208
037 _bBPPD/PUB
040 _adpl
_bEnglish
082 _aN
100 _aBond Ruskin
245 _aThe Rupa Carnival of Terror
_cby Ruskin Bond
260 _bRupa, Co
_c2006
_aNew Delhi
270 _aA-102/1 Okhla Industrial Area Phase-2
_bNew Delhi
_e110020
300 _aviii, 220p.
_c19cm(pbk)
942 _cEN
_2ddc
_mRUP
_hN